| 000 | 00569nam a2200157 i 4500 | ||
|---|---|---|---|
| 001 | 169778 | ||
| 003 | ES-MaACL | ||
| 005 | 20230906214207.0 | ||
| 008 | 081126s1875 fr |||| | fre d | ||
| 080 | _a821.133.1-31"18" | ||
| 100 | 0 |
_aScribe, Eugène. _9104966 |
|
| 245 | 1 | 0 |
_aOeuvres complètes de Eugène Scribe. _n5e série, _pProverbes, Nouvelles, Romans. _n7, _pLa Jeune Allemagne, ou les Yeux de ma tante. |
| 260 |
_aParis : _bE. Dentu, _c1875. |
||
| 300 |
_a498 p. ; _c18 cm. |
||
| 852 |
_aES-MaACL _jE-12278 _9R.190452 _z.- Biblioteca Jacinto Martínez Lacalle |
||
| 999 |
_c169778 _d169778 |
||